Pathomechanism and clinical signs of mould sensitization in the asthmoid bronchitis syndrome of young children

Elmentve itt :
Bibliográfiai részletek
Szerzők: Osváth Pál
Tóth G
Dobozy Attila
Dobozy C
Tímár E
Páldy L
Füzessy K
Endre L
Dokumentumtípus: Cikk
Megjelent: 1974
Sorozat:ACTA ALLERGOLOGICA 29 No. 4
Tárgyszavak:
doi:10.1111/j.1398-9995.1974.tb01657.x

mtmt:1734128
Online Access:http://publicatio.bibl.u-szeged.hu/33923
LEADER 00956nab a2200289 i 4500
001 publ33923
005 20250611130415.0
008 250611s1974 hu o 000 eng d
022 |a 0001-5148 
024 7 |a 10.1111/j.1398-9995.1974.tb01657.x  |2 doi 
024 7 |a 1734128  |2 mtmt 
040 |a SZTE Publicatio Repozitórium  |b hun 
041 |a eng 
100 1 |a Osváth Pál 
245 1 0 |a Pathomechanism and clinical signs of mould sensitization in the asthmoid bronchitis syndrome of young children  |h [elektronikus dokumentum] /  |c  Osváth Pál 
260 |c 1974 
300 |a 297-307 
490 0 |a ACTA ALLERGOLOGICA  |v 29 No. 4 
650 4 |a Klinikai orvostan 
700 0 1 |a Tóth G  |e aut 
700 0 1 |a Dobozy Attila  |e aut 
700 0 1 |a Dobozy C  |e aut 
700 0 1 |a Tímár E  |e aut 
700 0 1 |a Páldy L  |e aut 
700 0 1 |a Füzessy K  |e aut 
700 0 1 |a Endre L  |e aut 
856 4 0 |u http://publicatio.bibl.u-szeged.hu/33923/7/1734128_megjelent.pdf  |z Dokumentum-elérés